जैनधर्म का महत्व / (Record no. 1069681)
[ view plain ]
| 000 -LEADER | |
|---|---|
| fixed length control field | 01129nam a2200325 a 4500 |
| 001 - CONTROL NUMBER | |
| control field | vtls001618476 |
| 003 - CONTROL NUMBER IDENTIFIER | |
| control field | NLI |
| 005 - DATE AND TIME OF LATEST TRANSACTION | |
| control field | 20210628134005.0 |
| 008 - FIXED-LENGTH DATA ELEMENTS--GENERAL INFORMATION | |
| fixed length control field | 121214s1911 ii 000 0 hin |
| 020 ## - INTERNATIONAL STANDARD BOOK NUMBER | |
| Terms of availability | Re. 0.10 |
| 039 #9 - LEVEL OF BIBLIOGRAPHIC CONTROL AND CODING DETAIL [OBSOLETE] | |
| -- | 201212141930 |
| -- | VLOAD |
| 040 ## - CATALOGING SOURCE | |
| Original cataloging agency | NLI |
| Language of cataloging | hineng |
| Transcribing agency | Datasoft_Hindi |
| Description conventions | AACR2 |
| 041 0# - LANGUAGE CODE | |
| Language code of text/sound track or separate title | hin |
| 044 ## - COUNTRY OF PUBLISHING/PRODUCING ENTITY CODE | |
| MARC country code | ii |
| 084 04 - OTHER CLASSIFICATION NUMBER | |
| Classification number | 181 |
| 245 00 - TITLE STATEMENT | |
| Linkage | 880-02 |
| Title | जैनधर्म का महत्व / |
| Statement of responsibility, etc. | सम्पादक सूरजमलजी |
| 260 ## - PUBLICATION, DISTRIBUTION, ETC. | |
| Place of publication, distribution, etc. | बम्बई : |
| Name of publisher, distributor, etc. | बम्बई वैभव स्टिम प्रेस, |
| Date of publication, distribution, etc. | 1911 |
| 300 ## - PHYSICAL DESCRIPTION | |
| Extent | 199 p. ; |
| Dimensions | 18 cm. |
| 650 #0 - SUBJECT ADDED ENTRY--TOPICAL TERM | |
| Topical term or geographic name entry element | Jainism |
| General subdivision | History |
| 9 (RLIN) | 785243 |
| 651 #0 - SUBJECT ADDED ENTRY--GEOGRAPHIC NAME | |
| Geographic name | India |
| General subdivision | History |
| 700 0# - ADDED ENTRY--PERSONAL NAME | |
| Linkage | 880-03 |
| Personal name | सूरजमलजी, |
| Relationship | संपा |
| 880 00 - ALTERNATE GRAPHIC REPRESENTATION | |
| Linkage | 245-02(B |
| a | Jainadharma kā mahatva / |
| c | edited by Sūrajamalajī |
| 880 ## - ALTERNATE GRAPHIC REPRESENTATION | |
| Linkage | 700-03(B |
| a | Sūrajamalajī |
| 4 | edt |
| 887 ## - NON-MARC INFORMATION FIELD | |
| Content of non-MARC field | Rajani Kumari(21.03.2012/Sujit) |
| 901 ## - LOCAL DATA ELEMENT A, LDA (RLIN) | |
| a | OHI29 |
| b | 08.04.1933 |
| 902 ## - LOCAL DATA ELEMENT B, LDB (RLIN) | |
| a | 181 Lc 9119 |
| 904 ## - LOCAL DATA ELEMENT D, LDD (RLIN) | |
| c | Rajani Kumari(21.03.2012/Sujit) |
| l | D 3208 |
| 949 ## - LOCAL PROCESSING INFORMATION (OCLC) | |
| -- | VIRTUAITEM |
| -- | 10000 |
| -- | 100 |
| 6 | OHI000000029HIN |
| 942 ## - ADDED ENTRY ELEMENTS (KOHA) | |
| Source of classification or shelving scheme | Dewey Decimal Classification |
| Koha item type | Books |
| Withdrawn status | Lost status | Damaged status | Not for loan | Home library | Current library | Date acquired | Total Checkouts | Full call number | Barcode | Date last seen | Price effective from | Koha item type |
|---|---|---|---|---|---|---|---|---|---|---|---|---|
| National Library of India | National Library of India | 181 Lc 9119 | OHI000000029HIN | 28/06/2021 | 28/06/2021 | Books |
